000
00338nam a2200145Ia 4500
003
OSt
005
20240311100643.0
008
170524s9999 xx 000 0 und d
020
_a
9788125916093
040
_c
IIMT UNIVERSITY
100
_a
CHANDAN- JS
245
0
_a
ORGANIZATION BEHAVIOUR
260
_b
VIKAS PUB.HOUSE
942
_2
ddc
_c
02
999
_c
7897
_d
7897